书目信息 |
| 题名: |
世界三大宗教与艺术
|
|
| 作者: | 张锡坤 主编 | |
| 分册: | ||
| 出版信息: | 长春 吉林人民出版社 1991.02 |
|
| 页数: | 996页 | |
| 开本: | 26cm | |
| 丛书名: | ||
| 单 册: | ||
| 中图分类: | J19 | |
| 科图分类: | ||
| 主题词: | 宗教艺术 | |
| 电子资源: | ||
| ISBN: | 7-206-01017-2 | |
| 000 | 00676nam0 2200205 45 | |
| 001 | 0504281491 | |
| 005 | 20050428154151.1 | |
| 010 | @a7-206-01017-2@b精装@dCNY43.00 | |
| 100 | @a20050428d1991 km y0chiy0120 ea | |
| 101 | 0 | @achi |
| 105 | @a z 000yy | |
| 200 | 1 | @a世界三大宗教与艺术@AShi Jie San Da Zong Jiao Yu Yi Shu@e含道教与中国艺术@EHan Dao Jiao Yu Zhong Guo Yi Shu@f张锡坤主编@FZhang Xi Kun Zhu Bian |
| 210 | @a长春@c吉林人民出版社@d1991.02 | |
| 215 | @a996页@d26cm | |
| 517 | @a含道教与中国艺术@AHan Dao Jiao Yu Zhong Guo Yi Shu | |
| 606 | 0 | @a宗教艺术 |
| 690 | @aJ19@v3 | |
| 701 | 0 | @a张锡坤@4主编 |
| 801 | @aCN@bPftUser@c20050428 | |
| 905 | @f1@b257632@dJ19@e18 | |
| 世界三大宗教与艺术:含道教与中国艺术/张锡坤主编.-长春:吉林人民出版社,1991.02 |
| 996页;26cm |
| ISBN 7-206-01017-2(精装):CNY43.00 |
| ● |
| 相关链接 |
|
|
|
|
正题名:世界三大宗教与艺术
索取号:J19/18
 
预约/预借
| 序号 | 登录号 | 条形码 | 馆藏地/架位号 | 状态 | 备注 |
| 1 | 0257631 | 001214554 | 第一样本阅览室/ [索取号:J19/18] | 在馆 | |
| 2 | 0257632 | 002002068 | 工具书阅览室/ [索取号:J19/18] | 在馆 |